Natural circulation (interruption) analysis with MELCOR 2.2 during asymmetric cooldown transients /

Bibliographic Details
Main Authors: Adorni, Martina (Author), Salah, Anis Bousbia (Author), Vlassenbroeck, Jacques (Author)
Format: Government Document eBook
Language:English
Published: Washington, DC : U.S. Nuclear Regulatory Commission, Office of Nuclear Regulatory Research, March 2019.
Series:International agreement report ; NUREG/IA-0507.
Subjects:
Online Access:https://purl.fdlp.gov/GPO/gpo121799

MARC

Tag First Indicator Second Indicator Subfields
LEADER 00000nam a2200000Ii 4500
001 in00004097739
005 20200113123335.0
006 m o d f
007 cr cn||||a||||
008 191120e201903 dcua obt f000 0 eng d
035 |a (OCoLC)on1128096311 
040 |a GPO  |b eng  |e rda  |e pn  |c GPO  |d GPO  |d MvI 
049 |a WWW 
074 |a 1051-H-41 (online) 
086 0 |a Y 3.N 88:53/0507 
088 |a NUREG/IA-0507 
100 1 |a Adorni, Martina,  |e author. 
245 1 0 |a Natural circulation (interruption) analysis with MELCOR 2.2 during asymmetric cooldown transients /  |c prepared by Martina Adorni, Anis Bousbia Salah, and Jacques Vlassenbroeck. 
264 1 |a Washington, DC :  |b U.S. Nuclear Regulatory Commission, Office of Nuclear Regulatory Research,  |c March 2019. 
300 |a 1 online resource (xv, 34 pages, 8 pages, 4 pages) :  |b color illustrations. 
336 |a text  |b txt  |2 rdacontent 
337 |a computer  |b c  |2 rdamedia 
338 |a online resource  |b cr  |2 rdacarrier 
490 1 |a International agreement report ; ;  |v NUREG/IA-0507 
500 |a "Manuscript completed: September 2018; Date published: March 2019." 
500 |a "Prepared as part of the Agreement on Research Participation and Technical Exchange under the Cooperative Severe Accident Research Program (CSARP)." 
504 |a Includes bibliographical references (pages 33-34). 
513 |a Technical 
588 |a Description based on online resource; title from PDF title page (NRC, viewed Nov. 20, 2019). 
650 0 |a Nuclear power plants  |x Accidents  |x Computer simulation. 
650 0 |a Nuclear reactor accidents  |x Computer simulation. 
700 1 |a Salah, Anis Bousbia,  |e author. 
700 1 |a Vlassenbroeck, Jacques,  |e author. 
710 2 |a U.S. Nuclear Regulatory Commission.  |b Office of Nuclear Regulatory Research,  |e issuing body. 
776 0 8 |i Print version:  |a Adorni, Martina.  |t Natural circulation (interruption) analysis with MELCOR 2.2 during asymmetric cooldown transients  |w (OCoLC)1128096490 
830 0 |a International agreement report ;  |v NUREG/IA-0507. 
856 4 0 |u https://purl.fdlp.gov/GPO/gpo121799  |t 0 
999 f f |s 61c0671c-1a7f-35bc-863d-1a649be09efe  |i 1c5dc519-ce16-3f1c-a012-01d72eda5f79  |t 0 
952 f f |a Texas A&M University  |b College Station  |c Electronic Resources  |d Available Online  |t 0  |e Y 3.N 88:53/0507  |h Superintendent of Documents classification 
998 f f |a Y 3.N 88:53/0507  |t 0  |l Available Online